National Anthem of Cyprus - "Hýmnos eis tin Eleutherían" - Statistics

General Stats
  • This quiz has been taken 2 times
  • The average score is 38 of 52
Answer Stats
Answer % Correct
andreioméni,
100%
andreioméni,
100%
Ap'
100%
apó
100%
apó
100%
gi.
100%
gnorízo
100%
gnorízo
100%
Hellínon
100%
kai
100%
Kai
100%
kókkala
100%
kópsi,
100%
me
100%
metráei
100%
o
100%
ópsi,
100%
pou
100%
próta
100%
próta
100%
san
100%
san
100%
Se
100%
se
100%
spathioú
100%
ta
100%
ta
100%
tin
100%
tin
100%
tin
100%
tin
100%
ton
100%
tou
100%
tromerí,
100%
vgalméni
100%
viá
100%
Eleutheriá!
50%
Eleutheriá!
50%
hierá,
50%
o
50%
andreioméni,
0%
Eleutheriá!
0%
Kai
0%
khaíre,
0%
khaíre,
0%
khaíre,
0%
khaíre,
0%
khaíre,
0%
khaíre,
0%
o
0%
próta
0%
san
0%
No matching quizzes found
Score Distribution
Percent of People with Each Score
Percentile by Number Answered
Your Score History
You have not taken this quiz